schlecht gezeichnete Vereinslogos - Statistiken

Allgemein
  • Dieses Quiz wurde 67 mal gespielt
  • Das Durchschnittsergebnis liegt bei 10 aus 16
Antwortstatistiken
Bildquiz Antwort % Korrekt
Bayer 04 Leverkusen
95%
Borussia Dortmund
95%
VFL Wolfsburg
94%
Young Boys
90%
Olympique Marseille
87%
Celtic Glasgow
84%
Tottenham Hotspurs
83%
Lille OSC
73%
AZ Alkmaar
70%
Sparta Prag
65%
Real Sociedad
57%
AEK Athen
33%
Granada
16%
Sporting Lissabon
11%
FC Getafe
10%
SC Braga
8%
Keine übereinstimmenden Quizze gefunden
Verteilung der Resultate
Anzahl Personen mit jedem Resultat
Perzentil nach korrekt beantworteten Fragen
Ihre Resultats-Entwicklung
Sie haben dieses Quiz noch nicht gespielt